MARC

Tag First Indicator Second Indicator Subfields
LEADER 00000cam a2200000 a 4500
001 in00000001117
005 20151007050328.0
008 980902s1998 vauab b f000 0 eng d
035 |a (OCoLC)39792653 
035 |9 AHS9225AM 
040 |d GPO  |d DLC  |d MvI  |d UtOrBLW 
043 |a n-us-wa  |a n-us-id 
049 |a UDOC 
074 |a 0621-L 
086 0 |a I 19.127:069-98 
100 1 |a Ebbert, J. C. 
245 1 0 |a Soil erosion in the Palouse River Basin :  |b indications of improvement /  |c by James C. Ebbert and R. Dennis Roe. 
246 1 |i At head of title:  |a USGS science for a changing world 
264 1 |a [Reston, Va.] :  |b U.S. Dept. of the Interior, U.S. Geological Survey ;  |a [Washington, D.C.?] :  |b U.S. Dept. of Agriculture, Natural Resources Conservation Service,  |c [1998] 
300 |a 1 folded sheet (4 pages) :  |b illustrations (some color), maps (some color) ;  |c 28 cm. 
336 |a text  |b txt  |2 rdacontent 
337 |a unmediated  |b n  |2 rdamedia 
338 |a sheet  |b nb  |2 rdacarrier 
490 1 |a USGS Fact sheet ;  |v 069-98 
500 |a Caption title. 
500 |a "This fact sheet and data collected in the 1990's is part of the National Water-Quality Assessment (NAWQA) Program of the U.S. Geological Survey"--P. [4]. 
500 |a Shipping list number: 98-0344-P. 
500 |a "July 1998"--P. [4]. 
504 |a Includes bibliographical references (page [4]). 
650 0 |a Soil erosion  |z Palouse River Watershed (Idaho and Wash.) 
650 0 |a Agricultural pollution  |z Palouse River Watershed (Idaho and Wash.) 
650 0 |a Soil conservation  |z Palouse River Watershed (Idaho and Wash.) 
700 1 |a Roe, R. Dennis. 
710 2 |a National Water-Quality Assessment Program (U.S.) 
710 2 |a Geological Survey (U.S.) 
710 1 |a United States.  |b Natural Resources Conservation Service. 
830 0 |a Fact sheet (Geological Survey (U.S.)) ;  |v FS-98-069. 
999 |a MARS 
999 f f |s 6609483b-c88f-3f4e-81b3-05e94460d0a2  |i c68b99ab-8041-3b9f-9f1b-81d74672d184  |t 0 
952 f f |p normal  |a Texas A&M University  |b College Station  |c Sterling C. Evans Library  |d Evans: US Documents (Annex 5th floor)  |t 0  |e I 19.127:069-98  |h Superintendent of Documents classification  |i unmediated -- sheet  |m A14820687617 
998 f f |a I 19.127:069-98  |t 0  |l Evans: US Documents (Annex 5th floor)